| 000 | 00678nam a2200205Ia 4500 | ||
|---|---|---|---|
| 008 | 140321s9999 xx 000 0 und d | ||
| 020 | _a9781118444269 | ||
| 050 |
_aHD 57.7 _b.Sa225 2013 |
||
| 100 | _aSaar, Shalom Saada | ||
| 245 |
_aLeading with conviction : _bmastering the nine critical pillars of integrated leadership / _cShalom Saada Saar with Michael J. Hargrove. |
||
| 250 | _a1st ed. | ||
| 260 |
_aCalifornia : _bJossey-Bass, _cc2013. |
||
| 300 |
_a253 p. : _c24 cm. |
||
| 440 | _a(Warren Bennis signature series). | ||
| 500 | _aIncludes bibliographical references and index. | ||
| 521 | _aBSBA | ||
| 650 | _aLeadership. | ||
| 942 |
_kFOR _cBK |
||
| 999 |
_c48189 _d48189 |
||